000 00716nam a2200217Ia 4500
003 IN-BaIIA
008 211028s9999 xx 000 0 eng d
020 _a1-4020-3293-5
040 _cIIA Library
080 _a52(082.1)
_bASS-325
245 0 _aKristian Birkeland
_bthe first space scientist
_cedited by Alv Egeland and W. J. Burke
260 _aDordrecht
_bSpringer
_c2005
300 _aix, 221p.
490 _aAstrophysics and space science library; v. 325
650 _aScientific biography
_930039
650 _aSolar system
650 _aSpace scientist
_930040
700 _aBurke, W. J., ed.
_930041
700 _aEgeland, Alv, ed.
_930042
942 _cBK
999 _c16239
_d16239